[Event "Oberpfalz-ch M1"]
[Site "Windischeschenbach"]
[Date "2017.04.11"]
[Round "7"]
[White "Betz, Michael"]
[Black "Ludwig, Franz"]
[Result "1/2-1/2"]
[WhiteElo "1805"]
[BlackElo "1970"]
[PlyCount "58"]
[EventDate "2017.04.08"]
[EventType "swiss"]
[EventRounds "8"]
[EventCountry "GER"]
[SourceTitle "EXT 2020"]
[Source "ChessBase"]
[SourceDate "2019.10.17"]
[SourceVersion "1"]
[SourceVersionDate "2019.10.17"]
[SourceQuality "1"]

1. e4 b6 2. d4 Bb7 3. Bd3 e6 4. Nf3 d5 5. e5 c5 6. c3 Qd7 7. Qe2 Nc6 8. a3 Na5 9. Nbd2 c4 10. Bc2 Bc6 11. 0-0 Ba4 12. Qd1 Bxc2 13. Qxc2 Ne7 14. Re1 Nec6 15. Nf1 Nb3 16. Rb1 Nxc1 17. Qxc1 Be7 18. Qf4 0-0 19. Qg4 f6 20. Ng3 fxe5 21. Nxe5 Nxe5 22. Rxe5 Rf6 23. Nh5 Rg6 24. Qh3 Bd6 25. Re3 Re8 26. Rbe1 Rh6 27. Qg4 Qf7 28. Ng3 Rf6 29. R1e2 b5 1/2-1/2

[Event "Oberpfalz-ch M1"]
[Site "Sinzing"]
[Date "2014.04.14"]
[Round "6"]
[White "Stoeckl, Stephan"]
[Black "Ludwig, Franz"]
[Result "1-0"]
[WhiteElo "2103"]
[BlackElo "1980"]
[PlyCount "75"]
[EventDate "2014.04.12"]
[EventType "swiss"]
[EventRounds "8"]
[EventCountry "GER"]
[SourceTitle "EXT 2022"]
[Source "ChessBase"]
[SourceDate "2021.10.06"]
[SourceVersion "1"]
[SourceVersionDate "2021.10.06"]
[SourceQuality "1"]

1. Nf3 Nf6 2. c4 g6 3. b3 Bg7 4. Bb2 0-0 5. g3 c5 6. Bg2 Nc6 7. 0-0 d6 8. Nc3 Bg4 9. d3 Qd7 10. Re1 Rab8 11. Qd2 a6 12. e4 e5 13. a3 b5 14. Nd5 bxc4 15. bxc4 Rb3 16. Bc3 Rfb8 17. Qc2 Qb7 18. Nd2 Nxd5 19. cxd5 Rxc3 20. Qxc3 Nd4 21. f3 Bd7 22. Rab1 Qc7 23. Kf2 Rb5 24. Nc4 Bh6 25. Rb2 Kf8 26. Reb1 Ke7 27. Bf1 f5 28. Be2 Nxe2 29. Kxe2 fxe4 30. dxe4 Kd8 31. Qc2 Qb8 32. Kf2 Ke7 33. h4 Qa7 34. Kg2 Qb8 35. Qc3 Qd8 36. a4 Rxb2+ 37. Rxb2 Bxa4 38. Rb6 1-0

[Event "Oberpfalz-ch M1"]
[Site "Neutraubling"]
[Date "2013.03.23"]
[Round "2"]
[White "Ludwig, Franz"]
[Black "Giessmann, Stephan"]
[Result "0-1"]
[WhiteElo "2017"]
[BlackElo "2241"]
[PlyCount "60"]
[EventDate "2013.03.23"]
[EventType "swiss"]
[EventRounds "8"]
[EventCountry "GER"]
[SourceTitle "EXT 2022"]
[Source "ChessBase"]
[SourceDate "2021.10.06"]
[SourceVersion "1"]
[SourceVersionDate "2021.10.06"]
[SourceQuality "1"]

1. e4 e6 2. d4 d5 3. e5 c5 4. c3 Nc6 5. Nf3 Qb6 6. a3 c4 7. Nbd2 f6 8. exf6 Nxf6 9. b3 cxb3 10. Nxb3 Bd6 11. Bd3 0-0 12. 0-0 e5 13. dxe5 Nxe5 14. Nxe5 Bxe5 15. Nd4 Qc7 16. f4 Qxc3 17. fxe5 Qxd4+ 18. Kh1 Qxe5 19. Bf4 Qh5 20. Qc2 Bd7 21. Rac1 Rae8 22. Rb1 Bc6 23. Bd6 Rf7 24. Rf5 Qg4 25. Rbf1 Rd7 26. Bb4 d4 27. R1f4 Qh3 28. Rxf6 gxf6 29. Bf5 Qe3 30. Rf1 Rg7 0-1

[Event "Oberpfalz-ch M1"]
[Site "Burglengenfeld"]
[Date "2012.04.01"]
[Round "3"]
[White "Schoen, Rudolf"]
[Black "Ludwig, Franz"]
[Result "1-0"]
[WhiteElo "2026"]
[BlackElo "2074"]
[PlyCount "81"]
[EventDate "2012.03.31"]
[EventType "swiss"]
[EventRounds "8"]
[EventCountry "GER"]
[SourceTitle "EXT 2022"]
[Source "ChessBase"]
[SourceDate "2021.10.06"]
[SourceVersion "1"]
[SourceVersionDate "2021.10.06"]
[SourceQuality "1"]

1. e4 e6 2. d4 d5 3. e5 c5 4. c3 Nc6 5. Nf3 Qb6 6. Be2 cxd4 7. cxd4 Nh6 8. Nc3 Nf5 9. Na4 Bb4+ 10. Bd2 Qa5 11. Bc3 b5 12. a3 Bxc3+ 13. Nxc3 a6 14. g4 Nfe7 15. Bd3 Bd7 16. Kf1 Qb6 17. Ne2 Na5 18. b3 Rc8 19. Rc1 Rxc1 20. Nxc1 h5 21. g5 Nf5 22. Bxf5 exf5 23. Nd3 g6 24. Nf4 Be6 25. Kg2 Kd7 26. Nd3 Rc8 27. Nc5+ Ke7 28. Qd2 Nb7 29. b4 Bd7 30. Rc1 Be8 31. Ne1 Nd8 32. Ned3 Ne6 33. Nxe6 Rxc1 34. Qxc1 fxe6 35. Qc5+ Qxc5 36. Nxc5 Bd7 37. Nxa6 Kd8 38. Kf3 Bc8 39. Nc5 Kc7 40. Ke3 Kb6 41. Nd3 1-0

[Event "Oberpfalz-ch M1"]
[Site "Regensburg"]
[Date "2011.04.18"]
[Round "5"]
[White "Werner, Claus"]
[Black "Ludwig, Franz"]
[Result "1-0"]
[WhiteElo "2236"]
[BlackElo "2073"]
[PlyCount "61"]
[EventDate "2011.04.16"]
[EventType "swiss"]
[EventRounds "8"]
[EventCountry "GER"]
[SourceTitle "EXT 2022"]
[Source "ChessBase"]
[SourceDate "2021.10.06"]
[SourceVersion "1"]
[SourceVersionDate "2021.10.06"]
[SourceQuality "1"]

1. d4 Nf6 2. c4 g6 3. Nc3 Bg7 4. e4 d6 5. Nf3 0-0 6. Be2 e5 7. 0-0 Nc6 8. d5 Ne7 9. Ne1 Nd7 10. Be3 f5 11. f3 Nf6 12. Rc1 f4 13. Bf2 g5 14. c5 Ng6 15. cxd6 cxd6 16. Nb5 Rf7 17. Qc2 Ne8 18. Nxa7 Rc7 19. Qd2 Rxc1 20. Qxc1 Bd7 21. b4 Qb8 22. Nc6 bxc6 23. dxc6 Be6 24. b5 Bxa2 25. b6 Ne7 26. Nd3 Bf7 27. Nb4 d5 28. Na6 Qd6 29. b7 Rxa6 30. Bxa6 Nxc6 31. Bb5 1-0

[Event "Oberpfalz-ch M1"]
[Site "Kareth Lappersdorf"]
[Date "2008.03.16"]
[Round "4"]
[White "Ludwig, Franz"]
[Black "Aigner, Georg"]
[Result "1-0"]
[WhiteElo "2077"]
[BlackElo "2028"]
[PlyCount "57"]
[EventDate "2008.03.15"]
[EventType "swiss"]
[EventRounds "8"]
[EventCountry "GER"]
[SourceTitle "EXT 2022"]
[Source "ChessBase"]
[SourceDate "2021.10.06"]
[SourceVersion "1"]
[SourceVersionDate "2021.10.06"]
[SourceQuality "1"]

1. e4 e5 2. Nf3 Nc6 3. Bc4 Bc5 4. b4 Bxb4 5. c3 Ba5 6. d4 exd4 7. 0-0 Bb6 8. cxd4 Na5 9. Bd3 d6 10. h3 h6 11. Bb2 Nf6 12. Nbd2 0-0 13. Rc1 Nc6 14. Bb1 Ne7 15. Nh4 Bd7 16. e5 Nfd5 17. Qc2 g6 18. Ne4 dxe5 19. dxe5 Nf5 20. Nf3 Be6 21. Rcd1 c6 22. Ba3 c5 23. Bc1 Kg7 24. Nf6 Nd4 25. Nh5+ Kh7 26. Rxd4 Kh8 27. Qd2 g5 28. Nf6 cxd4 29. Qd3 1-0

[Event "Oberpfalz-ch M1"]
[Site "Kareth Lappersdorf"]
[Date "2008.03.16"]
[Round "3"]
[White "Maurer, Heinrich"]
[Black "Ludwig, Franz"]
[Result "0-1"]
[WhiteElo "2163"]
[BlackElo "2077"]
[PlyCount "92"]
[EventDate "2008.03.15"]
[EventType "swiss"]
[EventRounds "8"]
[EventCountry "GER"]
[SourceTitle "EXT 2022"]
[Source "ChessBase"]
[SourceDate "2021.10.06"]
[SourceVersion "1"]
[SourceVersionDate "2021.10.06"]
[SourceQuality "1"]

1. e4 e6 2. d4 d5 3. e5 c5 4. c3 Nc6 5. Nf3 Qb6 6. Be2 cxd4 7. cxd4 Bd7 8. 0-0 Be7 9. Nc3 Nh6 10. Na4 Qc7 11. b3 0-0 12. Bb2 f6 13. Rc1 Rac8 14. Nc5 Nf7 15. b4 Bxc5 16. Rxc5 Qd8 17. Qd2 fxe5 18. dxe5 a6 19. a3 Qe7 20. Rfc1 Na7 21. Bd4 Nc6 22. Bb2 Nh6 23. a4 b6 24. R5c3 Nxb4 25. Ba3 a5 26. Qd4 Rxc3 27. Rxc3 Rb8 28. Rb3 Nf5 29. Bxb4 Nxd4 30. Bxe7 Nxb3 31. Bb5 Bxb5 32. axb5 Rc8 33. Kf1 Nc5 34. Ke2 h6 35. Nd4 Kf7 36. Bd6 Nb7 37. Nc6 Nxd6 38. exd6 Rxc6 39. bxc6 Ke8 40. Kd3 e5 41. f4 e4+ 42. Kd4 e3 43. Kxe3 a4 44. Kd4 a3 45. Kxd5 a2 46. d7+ Ke7 0-1

[Event "Oberpfalz-ch M1"]
[Site "Regensburg"]
[Date "2006.04.09"]
[Round "4.8"]
[White "Ludwig, Franz"]
[Black "Stoeckl, Stephan"]
[Result "1/2-1/2"]
[WhiteElo "1891"]
[BlackElo "2023"]
[PlyCount "45"]
[EventDate "2006.04.08"]
[EventType "swiss"]
[EventRounds "8"]
[EventCountry "GER"]
[SourceTitle "EXT 2022"]
[Source "ChessBase"]
[SourceDate "2021.10.06"]
[SourceVersion "1"]
[SourceVersionDate "2021.10.06"]
[SourceQuality "1"]

1. f4 d5 2. b3 Nf6 3. Bb2 c5 4. Nf3 g6 5. e3 Bg7 6. Be2 0-0 7. 0-0 b6 8. c4 Bb7 9. Qc2 e6 10. d3 Qe7 11. Nbd2 Nc6 12. Ne5 Rfd8 13. Ndf3 Nxe5 14. Nxe5 Rac8 15. Bf3 dxc4 16. dxc4 Bxf3 17. Nxf3 Qb7 18. Bxf6 Bxf6 19. Rad1 Qc7 20. Rxd8+ Rxd8 21. Rd1 Rd6 22. Rxd6 Qxd6 23. Qd2 1/2-1/2

[Event "Regionalliga NO 0405"]
[Site "Bayern"]
[Date "2005.01.16"]
[Round "5.6"]
[White "Ludwig, Franz"]
[Black "Veh Hoelzlein, Michael"]
[Result "1/2-1/2"]
[WhiteElo "1907"]
[BlackElo "2051"]
[PlyCount "95"]
[EventDate "2004.10.24"]
[EventType "team-tourn"]
[EventRounds "9"]
[EventCountry "GER"]
[SourceTitle "EXT 2007"]
[Source "ChessBase"]
[SourceDate "2006.11.23"]
[SourceVersion "1"]
[SourceVersionDate "2006.11.23"]
[SourceQuality "1"]
[WhiteTeam "Regensburg Eulenspiegel"]
[BlackTeam "Schwabach"]
[WhiteTeamCountry "GER"]
[BlackTeamCountry "GER"]

1. e4 g6 2. d4 Bg7 3. Nc3 c6 4. f4 d5 5. e5 Nh6 6. Nf3 0-0 7. Bd3 Bf5 8. 0-0 b5 9. a4 b4 10. Ne2 Qb6 11. h3 c5 12. a5 Qc7 13. Bxf5 Nxf5 14. c3 bxc3 15. bxc3 Nc6 16. g4 Nh6 17. dxc5 Nxa5 18. Be3 Nc4 19. Bd4 f5 20. g5 Nf7 21. Nd2 Nxd2 22. Qxd2 Nd8 23. Ra6 Nc6 24. Qa2 e6 25. Ra1 Rab8 26. Qa4 Rfc8 27. Nc1 Bf8 28. Nd3 Rb7 29. Nb4 Rxb4 30. Qxc6 Rb1+ 31. Rxb1 Qxc6 32. Rxc6 Rxc6 33. Rb7 Bxc5 34. Rb8+ Bf8 35. Rb7 a5 36. Ra7 Rxc3 37. Rxa5 Rc4 38. Be3 d4 39. Bf2 d3 40. Be3 Rc2 41. Kf1 Rc7 42. Ra4 Rd7 43. Ke1 Kf7 44. Kd2 h6 45. h4 hxg5 46. hxg5 Ke8 47. Ra8+ Kf7 48. Ra4 1/2-1/2

[Event "Oberpfalz-ch M1"]
[Site "Schwarzenfeld"]
[Date "2005.??.??"]
[Round "3"]
[White "Moroz, Grigorij"]
[Black "Ludwig, Franz"]
[Result "1/2-1/2"]
[WhiteElo "1985"]
[BlackElo "1907"]
[PlyCount "96"]
[EventDate "2005.03.19"]
[EventType "swiss"]
[EventRounds "8"]
[EventCountry "GER"]
[SourceTitle "EXT 2022"]
[Source "ChessBase"]
[SourceDate "2021.10.06"]
[SourceVersion "1"]
[SourceVersionDate "2021.10.06"]
[SourceQuality "1"]

1. e4 c5 2. Nf3 Nc6 3. d4 cxd4 4. Nxd4 Nf6 5. Nc3 e5 6. Ndb5 d6 7. Bg5 a6 8. Na3 b5 9. Nd5 Qa5+ 10. Bd2 Qd8 11. Bg5 Be7 12. Bxf6 Bxf6 13. c3 Bg5 14. Nc2 Ne7 15. Nce3 Bxe3 16. Nxe3 Be6 17. Bd3 0-0 18. 0-0 Ng6 19. g3 Qg5 20. Kh1 Bh3 21. Re1 Rfd8 22. Qf3 h5 23. Rad1 Bg4 24. Nxg4 hxg4 25. Qf5 Qxf5 26. exf5 Ne7 27. Be2 Nxf5 28. Bxg4 Ne7 29. Bf3 Rab8 30. Rd2 f5 31. Bd5+ Nxd5 32. Rxd5 Kf7 33. h4 Ke6 34. Red1 Rbc8 35. Kg2 Rc4 36. Kf3 b4 37. cxb4 Rxb4 38. b3 Rb5 39. Rxb5 axb5 40. Ke2 Rc8 41. a4 bxa4 42. bxa4 Rc4 43. Ra1 Kd7 44. a5 Kc8 45. a6 Kb8 46. a7+ Ka8 47. Kd3 Rd4+ 48. Ke3 Re4+ 1/2-1/2

[Event "Regionalliga NO 0405"]
[Site "Bayern"]
[Date "2004.11.14"]
[Round "2.6"]
[White "Ludwig, Franz"]
[Black "Albrecht, Stephan"]
[Result "1-0"]
[WhiteElo "1907"]
[BlackElo "1803"]
[PlyCount "24"]
[EventDate "2004.10.24"]
[EventType "team-tourn"]
[EventRounds "9"]
[EventCountry "GER"]
[SourceTitle "EXT 2007"]
[Source "ChessBase"]
[SourceDate "2006.11.23"]
[SourceVersion "1"]
[SourceVersionDate "2006.11.23"]
[SourceQuality "1"]
[WhiteTeam "Regensburg Eulenspiegel"]
[BlackTeam "Regensburg Fortuna III"]
[WhiteTeamCountry "GER"]
[BlackTeamCountry "GER"]

1. e4 c5 2. d4 cxd4 3. c3 dxc3 4. Nxc3 Nc6 5. Bc4 d6 6. Nf3 Nf6 7. e5 dxe5 8. Qxd8+ Nxd8 9. Nb5 Rb8 10. Nxe5 Ne6 11. Bxe6 fxe6 12. Nc7+ Kd8 1-0

[Event "Regionalliga NO 0405"]
[Site "Bayern"]
[Date "2004.10.24"]
[Round "1.6"]
[White "Luther, Helmut"]
[Black "Ludwig, Franz"]
[Result "1/2-1/2"]
[WhiteElo "1909"]
[BlackElo "1907"]
[PlyCount "47"]
[EventDate "2004.10.24"]
[EventType "team-tourn"]
[EventRounds "9"]
[EventCountry "GER"]
[SourceTitle "EXT 2007"]
[Source "ChessBase"]
[SourceDate "2006.11.23"]
[SourceVersion "1"]
[SourceVersionDate "2006.11.23"]
[SourceQuality "1"]
[WhiteTeam "Nuernberg Sued SW II"]
[BlackTeam "Regensburg Eulenspiegel"]
[WhiteTeamCountry "GER"]
[BlackTeamCountry "GER"]

1. d4 d5 2. Nf3 e6 3. Bg5 Be7 4. Bxe7 Qxe7 5. c3 f5 6. g3 Nf6 7. Bg2 0-0 8. 0-0 Nbd7 9. Nbd2 Ne4 10. Nb3 Kh8 11. Nc1 c6 12. Nd3 g5 13. Nfe5 Nxe5 14. Nxe5 Bd7 15. f3 Nd6 16. Qd2 Be8 17. Rae1 Rc8 18. b3 Nf7 19. Nxf7+ Rxf7 20. e4 f4 21. exd5 cxd5 22. Re5 Bd7 23. Rfe1 Qf6 24. Qd3 1/2-1/2

[Event "Oberpfalz-ch M2"]
[Site "Regensburg"]
[Date "2004.04.03"]
[Round "1"]
[White "Voith, Walter"]
[Black "Ludwig, Franz"]
[Result "0-1"]
[WhiteElo "1673"]
[BlackElo "1836"]
[PlyCount "74"]
[EventDate "2004.04.03"]
[EventType "swiss"]
[EventRounds "8"]
[EventCountry "GER"]
[SourceTitle "EXT 2022"]
[Source "ChessBase"]
[SourceDate "2021.10.06"]
[SourceVersion "1"]
[SourceVersionDate "2021.10.06"]
[SourceQuality "1"]

1. d4 d5 2. c4 e5 3. dxe5 d4 4. e4 Nc6 5. Bf4 f6 6. Nf3 Bg4 7. exf6 Nxf6 8. Nbd2 Bb4 9. Bd3 0-0 10. a3 Bxd2+ 11. Qxd2 Nh5 12. Bg5 Qd7 13. Nh4 h6 14. Bxh6 gxh6 15. h3 Be6 16. Qxh6 Nf4 17. Qg5+ Qg7 18. Qxg7+ Kxg7 19. 0-0-0 Nxd3+ 20. Rxd3 Rxf2 21. g4 Bxc4 22. Rdd1 Rd8 23. Nf5+ Kh7 24. h4 Rf4 25. g5 Rxe4 26. h5 Re5 27. g6+ Kg8 28. Nh6+ Kg7 29. Ng4 Rg5 30. Rh4 Be2 31. Rg1 d3 32. Kd2 Nd4 33. h6+ Kxg6 34. Ne5+ Kf6 35. Rxg5 Kxg5 36. Rxd4 Rxd4 37. h7 Rh4 0-1

[Event "Regionalliga NO 0304"]
[Site "Bayern"]
[Date "2004.03.28"]
[Round "8.7"]
[White "Konsek, Peter"]
[Black "Ludwig, Franz"]
[Result "1-0"]
[WhiteElo "2004"]
[BlackElo "1826"]
[PlyCount "118"]
[EventDate "2003.10.??"]
[EventType "team-tourn"]
[EventRounds "9"]
[EventCountry "GER"]
[SourceTitle "EXT 2006"]
[Source "ChessBase"]
[SourceDate "2005.11.24"]
[SourceVersion "1"]
[SourceVersionDate "2005.11.24"]
[SourceQuality "1"]
[WhiteTeam "Nuernberg Sued SW"]
[BlackTeam "Regensburg Eulenspiegel"]
[WhiteTeamCountry "GER"]
[BlackTeamCountry "GER"]

1. e4 c5 2. Nc3 e6 3. g3 d5 4. exd5 exd5 5. Bg2 Nf6 6. d3 Be7 7. Nge2 0-0 8. 0-0 Nc6 9. Bg5 Be6 10. Nf4 d4 11. Nxe6 fxe6 12. Ne4 Nxe4 13. Bxe7 Nxf2 14. Bxd8 Nxd1 15. Rxf8+ Kxf8 16. Bc7 Ne3 17. Bd6+ Kg8 18. Bxc6 bxc6 19. Bxc5 e5 20. c3 a6 21. cxd4 exd4 22. Re1 Rb8 23. b3 Rd8 24. Rc1 Ng4 25. Bb6 Rd6 26. Re1 Ne3 27. h3 h5 28. Re2 Nf5 29. Kh2 Rg6 30. Bc7 Ne3 31. Rf2 Nd5 32. Be5 c5 33. Rf5 Nb4 34. Bc7 Nxd3 35. Rxh5 Rc6 36. Ba5 Nc1 37. Bd2 Nxa2 38. Rd5 Kf7 39. Rd7+ Kf6 40. Kg2 g6 41. Rb7 Nc3 42. Kf3 Nd5 43. Ke4 Ke6 44. h4 Nf6+ 45. Kd3 Kd5 46. Rg7 Nh5 47. Re7 Rb6 48. g4 Nf6 49. g5 Ng4 50. Kc2 Re6 51. Rd7+ Kc6 52. Ra7 Kb6 53. Rf7 Kb5 54. Rb7+ Kc6 55. Ra7 Kd5 56. Rd7+ Kc6 57. Ra7 Kb6 58. Rf7 Re2 59. Kd3 Re8 1-0

[Event "Regionalliga NO 0304"]
[Site "Bayern"]
[Date "2004.03.07"]
[Round "7.6"]
[White "Ludwig, Franz"]
[Black "Weigert, Dieter"]
[Result "1/2-1/2"]
[WhiteElo "1826"]
[BlackElo "1852"]
[PlyCount "57"]
[EventDate "2003.10.??"]
[EventType "team-tourn"]
[EventRounds "9"]
[EventCountry "GER"]
[SourceTitle "EXT 2006"]
[Source "ChessBase"]
[SourceDate "2005.11.24"]
[SourceVersion "1"]
[SourceVersionDate "2005.11.24"]
[SourceQuality "1"]
[WhiteTeam "Regensburg Eulenspiegel"]
[BlackTeam "Regensburg Bavaria"]
[WhiteTeamCountry "GER"]
[BlackTeamCountry "GER"]

1. Nf3 d5 2. b3 Nf6 3. Bb2 e6 4. e3 Be7 5. Be2 0-0 6. 0-0 c5 7. Ne5 Qc7 8. f4 Nc6 9. Rf3 Nd7 10. Bd3 f5 11. Rh3 Ndxe5 12. fxe5 Nxe5 13. Qh5 h6 14. Bxe5 Qxe5 15. Nc3 Bd7 16. Rf1 Be8 17. Qf3 Bd6 18. Ne2 Qf6 19. c4 Bc6 20. Qf2 Qg5 21. Nf4 Bxf4 22. exf4 Qf6 23. Qxc5 dxc4 24. Qxc4 Bd5 25. Qc3 Kf7 26. Qc7+ Kg8 27. Qc3 Kf7 28. Qc7+ Kg8 29. Qc3 1/2-1/2

[Event "Regionalliga NO 0304"]
[Site "Bayern"]
[Date "2004.01.18"]
[Round "5.8"]
[White "Ludwig, Franz"]
[Black "Birkmann, Guenther"]
[Result "1/2-1/2"]
[WhiteElo "1826"]
[BlackElo "1983"]
[PlyCount "91"]
[EventDate "2003.10.??"]
[EventType "team-tourn"]
[EventRounds "9"]
[EventCountry "GER"]
[SourceTitle "EXT 2006"]
[Source "ChessBase"]
[SourceDate "2005.11.24"]
[SourceVersion "1"]
[SourceVersionDate "2005.11.24"]
[SourceQuality "1"]
[WhiteTeam "Regensburg Eulenspiegel"]
[BlackTeam "Zirndorf II"]
[WhiteTeamCountry "GER"]
[BlackTeamCountry "GER"]

1. e4 c5 2. d4 cxd4 3. c3 Nf6 4. e5 Nd5 5. cxd4 e6 6. Nc3 Nxc3 7. bxc3 Qc7 8. Bb2 b6 9. Qg4 Ba3 10. Qe2 Be7 11. f4 Bb7 12. Nf3 Nc6 13. Qf2 Na5 14. Rc1 Bd5 15. Ba1 Qc6 16. Bd3 Rc8 17. 0-0 b5 18. Qe2 Nc4 19. Nd2 a6 20. Ne4 d6 21. exd6 Nxd6 22. Nxd6+ Bxd6 23. f5 0-0 24. f6 g6 25. Qd2 Rfe8 26. h4 Be4 27. h5 e5 28. hxg6 hxg6 29. Rce1 Bxd3 30. Qxd3 e4 31. Qh3 Qd5 32. Re3 Rc6 33. Qg4 Qh5 34. Qxh5 gxh5 35. Rfe1 Bf4 36. Rxe4 Rxe4 37. Rxe4 Rxf6 38. Bb2 Bg3 39. Re2 Kh7 40. Ba3 Rc6 41. Bc5 Kg6 42. Re3 h4 43. Re2 Kg5 44. Bb4 Bd6 45. Bxd6 Rxd6 46. Kf2 1/2-1/2

[Event "Neckar op-B 6th"]
[Site "Deizisau"]
[Date "2002.03.30"]
[Round "4"]
[White "Kramer, Wolfgang"]
[Black "Ludwig, Franz"]
[Result "1/2-1/2"]
[WhiteElo "1935"]
[BlackElo "1814"]
[PlyCount "73"]
[EventDate "2002.03.28"]
[EventType "swiss"]
[EventRounds "9"]
[EventCountry "GER"]
[SourceTitle "EXT 2003"]
[Source "ChessBase"]
[SourceDate "2002.11.25"]
[SourceVersion "1"]
[SourceVersionDate "2002.11.25"]
[SourceQuality "1"]

1. e4 c5 2. b3 Nc6 3. Nf3 e5 4. Bb5 d6 5. 0-0 Nf6 6. Re1 Be7 7. d3 0-0 8. Bxc6 bxc6 9. Nbd2 Bg4 10. h3 Bh5 11. Nf1 Ne8 12. g4 Bg6 13. Ng3 Qd7 14. Qe2 Nc7 15. Kh2 Nb5 16. Rg1 Nd4 17. Nxd4 cxd4 18. Nf5 Bd8 19. Ba3 Bxf5 20. gxf5 Bf6 21. Bc1 Kh8 22. Bg5 Qe7 23. f4 exf4 24. Bxf4 Be5 25. Qf2 Bxf4+ 26. Qxf4 Qe5 27. Qxe5 dxe5 28. f6 g6 29. Kg3 Rad8 30. Raf1 Rd6 31. Rf3 h6 32. h4 Rg8 33. Kg4 Kh7 34. Kh3 Re6 35. c3 dxc3 36. Rc1 g5 37. hxg5 1/2-1/2

[Event "Passau op 8th"]
[Site "Passau"]
[Date "2000.04.24"]
[Round "7"]
[White "Bukur, Juergen"]
[Black "Ludwig, Franz"]
[Result "0-1"]
[WhiteElo "1654"]
[BlackElo "1850"]
[PlyCount "60"]
[EventDate "2000.04.21"]
[EventType "swiss"]
[EventRounds "7"]
[EventCountry "GER"]
[SourceTitle "CBM 076 Extra"]
[Source "ChessBase"]
[SourceDate "2000.07.11"]
[SourceVersion "1"]
[SourceVersionDate "2000.07.11"]
[SourceQuality "1"]

1. e4 c5 2. Nf3 Nc6 3. d4 cxd4 4. Nxd4 Nf6 5. Nc3 e5 6. Ndb5 d6 7. Bg5 a6 8. Bxf6 gxf6 9. Na3 b5 10. Nd5 Bg7 11. Bxb5 axb5 12. Nxb5 0-0 13. b4 Nd4 14. Nbc7 Ra7 15. 0-0 Rxc7 16. Nxc7 Qxc7 17. a4 Qxc2 18. Qxc2 Nxc2 19. Rab1 f5 20. b5 Nd4 21. a5 Ne2+ 22. Kh1 Nc3 23. Rb4 Nxb5 24. Rfb1 Nc3 25. R1b2 fxe4 26. Rc2 Nd5 27. Rb5 Be6 28. Rcb2 Nc3 29. Rb7 Na4 30. a6 Nxb2 0-1